Gáfriková, G.: Zabúdané súvislosti (štúdie o slovenskej literatúre 17.-18. storočia)

Bibliographic Details
Main Author: Brtáňová, Erika, 1962- (Author)
Format: Article
Language:Slovak
ISSN:0037-6787
Subjects:

MARC

LEADER 00000nab a2200000 a 4500
001 vtls009189571
003 SK-MaSNL
005 20260304181134.0
008 250507c2007 xo qr|p|||||||000 b|slo
015 |a SNBRB2008/03  |2 snkbucl 
035 |a (uuid)33630b57-7500-45a1-aa85-a74daf2e3411 
035 |a urn:nbn:sk:snk-ab2hm7 
035 |a (urnnbn)urn:nbn:sk:snk:ar-a02foi 
038 |a SNKBUCL 
040 |a SNKBUCL  |b slo  |c SNKBUCL  |e AACR2 
041 0 |a slo 
044 |a xo  |c SK 
080 |a 82(091):821.162.4"16/17"  |x (048)  |2 1997 
080 |a 821.162.4  |x (091)  |x "16/17"  |x (048)  |2 1997 
080 |a 82.033:821.162.4  |x (048)  |2 1997 
080 |a 821.162.4.033  |x (048)  |2 1997 
080 |a 82.02:821.162.4  |x "16/17"  |x (048)  |2 1997 
080 |a 821.162.4.02  |x "16/17"  |x (048)  |2 1997 
100 1 |a Brtáňová, Erika,  |d 1962-  |4 aut  |9 192593 
245 1 0 |a Gáfriková, G.: Zabúdané súvislosti (štúdie o slovenskej literatúre 17.-18. storočia)  |c Erika Brtáňová 
648 7 |a 17.-18. stor.  |2 snkbucl  |9 289778 
650 0 7 |a slovenská literatúra  |2 snkbucl  |9 1115 
650 0 7 |a baroková literatúra  |2 snkbucl  |9 79549 
650 0 7 |a slovenská poézia  |2 snkbucl  |9 215422 
650 0 7 |a štúdie  |2 snkbucl  |9 92810 
655 7 |a recenzie  |2 snkbucl  |9 21907 
740 0 2 |a Štúdie o slovenskej literatúre 17.-18. storočia 
773 0 |t Slavica slovaca  |g Roč. 42, č. 1 (2007), s. 76-77  |x 0037-6787 
787 0 8 |i Rec.:  |a Gáfriková, Gizela, 1945-  |t Zabúdané súvislosti : (štúdie o slovenskej literatúre 17.-18. storočia)  |d Bratislava : Slovak Academic Press, 2006  |z 8080950024 
850 |a Slovenská národná knižnica 
852 |a Slovenská národná knižnica 
954 |a odborná, vedecká literatúra pôvodná (slovenská)  |2 lita 
958 |a article27 
958 |a LX 
958 |a SK 
958 |a RC 
958 |a OND 
958 |a EUIPO 
999 |c 3022113  |d 3024043